| 000 | 00000nam##2200000za#4500 |
| 001 | 9.571736 |
| 003 | CaOODSP |
| 005 | 20210624182855 |
| 007 | cr ||||||||||| |
| 008 | 150406|2000||||xxc|||||o f|0| 0 eng|d |
| 040 | |aCaOODSP|beng |
| 043 | |an-cn--- |
| 086 | 1 |aNH18-23/57E-PDF |
| 110 | 2 |aCanada Mortgage and Housing Corporation. |
| 245 | 10|aCity of Toronto rent bank pilot project evaluation |h[electronic resource] |
| 260 | |aOttawa - Ontario : |bCanada Mortgage and Housing Corporation |c[2000]. |
| 300 | |a4p.|bgraph, tables |
| 490 | 1 |aResearch highlight. Socio-economic series |v57 |
| 590 | |a11-22-Supp|b2011-10-13 |
| 690 | 07|aHousing|2gcpds |
| 690 | 07|aHomelessness|2gcpds |
| 690 | 07|aFunding|2gcpds |
| 690 | 07|aSocial programs|2gcpds |
| 775 | 08|tÉvaluation du projet pilote de banque d'aide au loyer de la ville de Toronto |w(CaOODSP)9.602163 |
| 776 | 0#|tCity of Toronto rent bank pilot project evaluation |w(CaOODSP)9.615239 |
| 830 | #0|aResearch highlight. Socio-economic series ;|v57|w(CaOODSP)9.505168 |
| 856 | 40|ahttp://publications.gc.ca|qPDF|s116 KB|uhttps://publications.gc.ca/collections/Collection/NH18-23-57E.pdf|y57 |